Do you Glaze Stephen Curry? - Statistics

General Stats
  • This quiz has been taken 156 times
    155 since last reset
  • The average score is 7 of 8
Answer Stats
Question Answer % Correct
How Many championships did he win? 4
97%
Who is the Greatest Shooter of all time? Stephen Curry🧑‍🍳
96%
What Is Stephen curry's nickname? The Chef
96%
What Teams did Curry Play for? Warriors
96%
Where was Curry Born? Akron , Ohio
93%
How many Kids does Stephen Curry have? 4
81%
What is the Name of Curry's Sons? Canon and Caius
78%
What are Curry's daughter names? Riley and Ryan
67%
No matching quizzes found
Score Distribution
Percent of People with Each Score
Percentile by Number Answered
Your Score History
You have not taken this quiz since the last reset